THE INDIAN COSTITUTION (Record no. 10703)

MARC details
000 -LEADER
fixed length control field 00324nam a22001457a 4500
003 - CONTROL NUMBER IDENTIFIER
control field SGT
020 ## - INTERNATIONAL STANDARD BOOK NUMBER
International Standard Book Number 978019564598
082 ## - DEWEY DECIMAL CLASSIFICATION NUMBER
Classification number 342.095 4,AUS
100 ## - MAIN ENTRY--PERSONAL NAME
Personal name AUSTIN,GRANVILLE
245 ## - TITLE STATEMENT
Title THE INDIAN COSTITUTION
260 ## - PUBLICATION, DISTRIBUTION, ETC. (IMPRINT)
Place of publication, distribution, etc NEW DELHI
Name of publisher, distributor, etc OXFORD
Year of Publication 2015
300 ## - PAGE DESCRIPTION
No. of Pages 188
650 ## - SUBJECT ADDED ENTRY--TOPICAL TERM
Topical term or geographic name as entry element INDIAN COSTITUTION
942 ## - ADDED ENTRY ELEMENTS (KOHA)
Source of classification or shelving scheme Dewey Decimal Classification
Koha item type Books
942 ## - ADDED ENTRY ELEMENTS (KOHA)
-- 3
Holdings
Withdrawn status Lost status Source of classification or shelving scheme Damaged status Not for loan Collection code Home library Current library Shelving location Date acquired Vendor Name Cost, normal purchase price SGTU Bill Number Total Checkouts Full call number Accession No. (Barcode) Date last seen Date last borrowed Bill Date Koha item type
    Dewey Decimal Classification     LAW SGT Science & Social Sciences Library SGT Science & Social Sciences Library Text Book 30/01/2017 TECHNICAL BUREA INDIA LIMITED 395.00 SGTU 2002 3 342.095 4,AUS FL1151 21/05/2024 06/05/2024 26/09/2012 Books